000 00300 a2200109 4500
001 ART_44141
005 20260410161629.0
008 260409a
245 1 0 _aEfectos contables del post blanqueo
100 1 _aBello, Alberto M.
773 0 _tEnfoques
_g- NÂș 10 (oct. 2017)
_wREV416
999 _c12312
_d12312